[Event "NATO-ch 34th"]
[Site "Rhodes"]
[Date "2024.10.22"]
[Round "2"]
[White "Loving, Jason"]
[Black "Pedersen, Finn"]
[Result "0-1"]
[WhiteElo "2021"]
[BlackElo "2282"]
[PlyCount "42"]
[EventDate "2024.10.21"]
[EventType "swiss"]
[EventRounds "7"]
[EventCountry "GRE"]
[SourceTitle "CB44_2024"]
[Source "Chessbase"]
[SourceDate "2024.10.30"]
[SourceVersion "1"]
[SourceVersionDate "2024.10.30"]
[SourceQuality "1"]

1. e4 c6 2. d4 d5 3. e5 Bf5 4. Nf3 e6 5. Be2 c5 6. Be3 cxd4 7. Nxd4 Ne7 8. Nd2 Nbc6 9. N2b3 Bg6 10. 0-0 a6 11. Nc5 Qc7 12. c4 Nxd4 13. Bxd4 Nf5 14. Na4 Nxd4 15. Qxd4 Rd8 16. c5 Be7 17. Rac1 0-0 18. f4 f6 19. Bg4 Qc6 20. Rfe1 fxe5 21. fxe5 Bg5 0-1

[Event "NATO-ch 34th"]
[Site "Rhodes"]
[Date "2024.10.22"]
[Round "3"]
[White "Simard, Francois"]
[Black "Loving, Jason"]
[Result "0-1"]
[WhiteElo "1868"]
[BlackElo "2021"]
[PlyCount "110"]
[EventDate "2024.10.21"]
[EventType "swiss"]
[EventRounds "7"]
[EventCountry "GRE"]
[SourceTitle "CB44_2024"]
[Source "Chessbase"]
[SourceDate "2024.10.30"]
[SourceVersion "1"]
[SourceVersionDate "2024.10.30"]
[SourceQuality "1"]

1. d4 Nf6 2. c4 g6 3. Nc3 Bg7 4. Bg5 d6 5. Qd2 h6 6. Bf4 Nc6 7. Nf3 Bf5 8. d5 e5 9. Bg3 Nb8 10. e3 Na6 11. Be2 Nc5 12. 0-0 a5 13. Qd1 Nfe4 14. Nxe4 Nxe4 15. Nd2 Nxg3 16. hxg3 Bd7 17. e4 0-0 18. g4 Qg5 19. g3 Rae8 20. Kg2 f5 21. gxf5 gxf5 22. f3 f4 23. g4 h5 24. Rh1 hxg4 25. fxg4 Kf7 26. Rh5 Qg6 27. g5 Ke7 28. Bg4 f3+ 29. Bxf3 Rf4 30. Qe2 Ref8 31. Rah1 Kd8 32. Kg3 Bf6 33. Kf2 Bxg5 34. Rh8 Qg7 35. Rxf8+ Rxf8 36. Ke1 Rh8 37. Rxh8+ Qxh8 38. Kd1 Qh4 39. Kc2 Qf4 40. Kd1 b6 41. b3 a4 42. Kc2 Kc8 43. Kd3 Kb7 44. Nf1 Qc1 45. Qd1 Qb2 46. Qc2 Qd4+ 47. Ke2 Bh3 48. Nd2 Qe3+ 49. Kd1 Qf2 50. Bh5 Qg1+ 51. Ke2 Bd7 52. Bf3 Qe3+ 53. Kd1 Qf2 54. Be2 Qg1+ 55. Bf1 Bxd2 0-1